SIPRI Yearbook 2005 : (Record no. 616548)

MARC details
000 -LEADER
fixed length control field 00522nam a2200193 a 4500
008 - FIXED-LENGTH DATA ELEMENTS--GENERAL INFORMATION
fixed length control field 260302s2005##################000#0#eng##
020 ## - INTERNATIONAL STANDARD BOOK NUMBER
ISBN 9780199284016
082 04 - DEWEY DECIMAL CLASSIFICATION NUMBER
Classification number 327.174
Item number SIP
100 1# - MAIN ENTRY--AUTHOR NAME
Personal name Institute, Stockholm International Peace Research,
245 10 - TITLE STATEMENT
Title SIPRI Yearbook 2005 :
260 ## - PUBLICATION, DISTRIBUTION, ETC. (IMPRINT)
Name of publisher SIPRI Yearbook,
Year of publication 2005.
300 ## - PHYSICAL DESCRIPTION
Number of Pages 889 pages
650 #0 - SUBJECT ADDED ENTRY--TOPICAL TERM
Topical Term History.
942 ## - ADDED ENTRY ELEMENTS (KOHA)
Koha item type English Books
Holdings
Withdrawn status Lost status Damaged status Not for loan Home library Current library Shelving location Date acquired Full call number Accession Number Price effective from Koha item type
        Anna Centenary Library Anna Centenary Library 3RD FLOOR, B WING 02.03.2026 327.174 SIP 279158 02.03.2026 English Books

Find us on the map